Teoretické vymedzenie mozgového dopingu ako spôsobu zvyšovania výkonnosti zamestnancov

Definovanie pojmu mozgový doping. Hlavné problémy, kontraindikácie, obmedzenia a inak podceňované vedľajšie účinky. Zneužívanie farmaceutických prípravkov mladou generáciou. Situácia na Slovensku a budúcnosť mozgového dopingu.

Guardado en:
Detalles Bibliográficos
Autor principal: Mišún, Juraj, 1978-
Otros Autores: Mišúnová Hudáková, Ivana, 1976-
Formato: Capítulo de libro
Lenguaje:eslovaco
Materias:
Etiquetas: Agregar Etiqueta
Sin Etiquetas, Sea el primero en etiquetar este registro!

MARC

LEADER 00000nla$a2200000$$$4500
001 0143203
005 20240502072552.0
041 0 |a slo 
044 |a SK 
245 1 0 |a Teoretické vymedzenie mozgového dopingu ako spôsobu zvyšovania výkonnosti zamestnancov  |c Juraj Mišún, Ivana Mišúnová Hudáková 
520 |a Definovanie pojmu mozgový doping. Hlavné problémy, kontraindikácie, obmedzenia a inak podceňované vedľajšie účinky. Zneužívanie farmaceutických prípravkov mladou generáciou. Situácia na Slovensku a budúcnosť mozgového dopingu. 
610 2 0 |a manažment 
610 2 0 |a riadenie vrcholové 
610 2 0 |a vedenie ľudí 
610 2 0 |a zamestnanci 
610 2 0 |a výkonnosť 
610 2 0 |a stresy 
610 2 0 |a diagnostikácia 
610 2 0 |a liečivá 
610 2 0 |a terapeutiká 
100 1 |a Mišún, Juraj, 1978- 
700 1 |a Mišúnová Hudáková, Ivana, 1976-